000 01783nam0a2200373 4500
001 RU\NLR\BIBL_A\022535604
005 20260406090622.0
010 _a978-5-209-12477-1
_9500
035 _a(NLR Aleph) 022535604
090 _a13429311
_c13429311
100 _a20250505d2025 |||y0rusy50 ca
101 0 _aeng
102 _aRU
105 _aach j 000yy
181 0 _ai3
_baxxe
182 0 _an
200 1 _aHistory of evolution and milestones of thoracic surgery
_eучебное пособие
_fP.I. Manzhos, M.R.H. Bachoo, A.A. Imanalieva [et al.]
203 _aТекст
_bвизуальный
_cнепосредственный
210 _aMoscow
_cPeoples' friendship university of Russia named after Patrice Lumumba
_d2025
215 _a150 с.
_cил., факс., портр.
_d21
300 _aВ вып. дан.: История становления и развития торакальной хирургии
300 _aАвт. указаны на обороте тит. с.
320 _aБиблиогр.: с. 129-149 (206 назв.)
517 1 _aИстория становления и развития торакальной хирургии
606 1 _aТоракальная хирургия
_jУчебные издания для высших учебных заведений
_xИстория
_92558857
_3RU\NLR\AUTH\6601726274
686 1 _aР733.457.34г.я73
686 1 _aР457.34г.я73
701 1 _7ba
_8rus
_aManžos
_bP. I.
_gPetr Ivanovič
_3RU\NLR\AUTH\770281145
_92653112
701 1 _7ba
_8rus
_aBaču
_bM. R. С.
_gMochamed Rafik Chussejn
_9244781
_3RU\NLR\AUTH\770244837
701 1 _aImanalieva
_bA. A.
_gAjgul' Aripkanovna
942 _cBOOK
980 _aNB